Diálogos

Gorde:
Xehetasun bibliografikoak
Egile nagusia: Platón (Egilea)
Formatua: Liburua
Hizkuntza:gaztelania
Argitaratua: Santiago Antiyal 1989
Edizioa:1a. ed
Gaiak:
Etiketak: Etiketa erantsi
Etiketarik gabe, Izan zaitez lehena erregistro honi etiketa jartzen!

MARC

LEADER 00000cam a2200000 a 4500
001 UCF1075
003 CL-VaPUC
008 120621e19890000CL |||||||||||||||||spa|d
082 0 4 |a 184  |b PLA  |2 21 
100 0 |a Platón  |e author  |9 222 
245 1 0 |a Diálogos 
250 |a 1a. ed 
300 |a 176 p 
942 |c BK 
945 |d 20120621 00:00:00  |a cmena 
260 |a Santiago  |b Antiyal  |c 1989 
650 0 |a Filosofía antigua   |9 255705 
650 0 |a Filosofía griega  |9 265579 
650 0 |a Platonismo  |9 265673 
583 |a last modification  |c 20120621 10:53:00  |k Rodrigo Vera 
999 |c 348049  |d 348047 
952 |0 0  |1 0  |4 0  |6 184_000000000000000_PLA_1989  |7 0  |8 A  |9 449913  |a BIBART  |b BIBART  |d 2019-11-22  |i 4811488  |l 2  |o 184 PLA 1989  |p 4811488  |r 2025-03-13  |s 2021-12-27  |w 2019-11-22  |y BK  |k ART